| 000 | 00889nas a2200265 4500 | ||
|---|---|---|---|
| 001 | BR7906683 | ||
| 003 | BR-BrBNA | ||
| 005 | 20231205083959.0 | ||
| 007 | ta | ||
| 008 | 230509b bl.|||p| |||| 00| 00por d | ||
| 040 |
_aBR-BrBNA _bpor _cBiblioteca Nacional de Agricultura |
||
| 041 | _a(Pt) | ||
| 072 | _aH60 | ||
| 100 | 1 | _aLaca-Buendia, J.P. del C. | |
| 100 | 1 | _aFerreira, L. | |
| 111 | 1 |
_a11. Seminario Brasileiro de Herbicidas e Ervas Daninhas _cLondrina, PR (Brazil) _d20 Oct 1979 |
|
| 245 | 1 | _aEfeito de desfolhantes na cultura algodoeira (Gossypium hirsutum L.)no triangulo mineiro [Herbicida; Brasil] | |
| 650 | _aALGODAO | ||
| 650 | _aHERBICIDA | ||
| 650 | _aDESFOLHA | ||
| 650 | _aTRIANGULO MINEIRO | ||
| 773 | 0 |
_tPlanta Daninha (Brazil) _xISSN 0100-8358 _g(Dec 1979), v. 2(2) p. 102-106 _wBR7906683 |
|
| 909 |
_a202311 _bLúcia _c55 _dLúcia Elande |
||
| 942 |
_2AGRIS _n0 _cANA |
||
| 999 |
_c102388 _d102388 |
||